000 00644nam a22001575i 4500
001 165765
003 ES-MaACL
005 20230906213213.0
008 050906s1893 pl | |||||||| ||lat d
040 _aCAM
_bspa
_cCAM
100 1 _aSternbach, Leo.
_9108132
245 1 0 _aAnalecta Photiana /
_cscripsit Leo Sternbach.
260 _aCracoviae :
_bsumptibus Academiae Litterarum :
_bapud Bibliopolam Societatis Librariae Polonicae,
_c1893 (
_fTypis Universitatis Iagellonicae, provisore A.M. Kosterkiewicz)
300 _a42 p. ;
_c26 cm.
852 _aES-MaACL
_jT-838-F-8
_z-- Enc. hol. conservando la cub. original
_z-- Enc. en un vol. facticio
999 _c165765
_d165765